| 000 | 01625nam a2200397 c 4500 | ||
|---|---|---|---|
| 700 | 1 |
_aАрнаудов, Михаил Петров _933558 |
|
| 999 |
_c184509 _d184509 |
||
| 003 | BLK | ||
| 005 | 20240313005509.0 | ||
| 008 | 180411b bul|||||r ||||||| ||bul|| | ||
| 010 | _aKNG00193474000 | ||
| 040 | _aBLK | ||
| 041 |
_aBUL _cBUL |
||
| 072 | 7 |
_2bullib _aА _xФонд Михаил Арнаудов |
|
| 080 |
_aБългарска литература _b821.163.2 _x(081.2) _z821.163.2(081.2) |
||
| 080 |
_aБългарска литература _b821.163.2 _x-31 _z821.163.2-31 |
||
| 100 | 1 |
_aВазов, Иван Минчов _eпърви автор _9363396 |
|
| 139 |
_aВазов, Иван Минчов _bВ 15 |
||
| 245 | 1 | 0 |
_aИзбрани съчинения _bТ. 1 - 12 _cИван Минчов Вазов; под ред. на Михаил Петров Арнаудов. _nТ. 7, Ч. 1 _pПод игото |
| 257 | _aBGR | ||
| 260 |
_bХемус _c1938 - _fЗа том: София : печ. Воен.-изд. фонд |
||
| 300 | _c19 см | ||
| 380 | _aX | ||
| 490 |
_9396381 _aЧастна колекция - Академик Михаил Арнаудов _gДарение - Основен фонд |
||
| 659 | _aА | ||
| 760 | 1 |
_aВазов, Иван Минчов _d1938 _h280 с. _tТ. 7, Ч. 1 Под игото |
|
| 852 |
_aЦб І 40235 _bО |
||
| 852 |
_aМА 3 _bМА |
||
| 856 | 4 | _qpdf | |
| 856 | 4 | _qpdf | |
| 942 |
_cKNG _n0 _s1 |
||
| 944 |
_aCR _c17.10.2016 _k _lCRON CRON |
||
| 944 |
_aED _c18.10.2016 _kГеновева_Генчева |
||
| 999 | _d184509 | ||
| 999 | _d184509 | ||
| 999 | _d184509 | ||